Конструювання магічної реальності у творах Дж. Апдайка та В. Шевчука (Запис № 284280)
[ простий вигляд ]
| 000 -LEADER | |
|---|---|
| fixed length control field | 02111nam a22001577a 4500 |
| 041 ## - LANGUAGE CODE | |
| Language code of text/sound track or separate title | ukr |
| 080 ## - UNIVERSAL DECIMAL CLASSIFICATION NUMBER | |
| Universal Decimal Classification number | 09 |
| 090 ## - LOCALLY ASSIGNED LC-TYPE CALL NUMBER (OCLC); LOCAL CALL NUMBER (OCLC) | |
| Local cutter number (OCLC) ; Book number/undivided call number, CALL (RLIN) | КОН |
| 100 ## - MAIN ENTRY--PERSONAL NAME | |
| Personal name | Кодратьєва А.Є. |
| 245 ## - TITLE STATEMENT | |
| Title | Конструювання магічної реальності у творах Дж. Апдайка та В. Шевчука |
| 260 ## - PUBLICATION, DISTRIBUTION, ETC. (IMPRINT) | |
| Place of publication, distribution, etc | Острог |
| Name of publisher, distributor, etc | КАФ |
| Date of publication, distribution, etc | 2010 |
| 300 ## - PHYSICAL DESCRIPTION | |
| Extent | 91 |
| 520 ## - SUMMARY, ETC. | |
| Summary, etc | ВСТУП<br/>РОЗДІЛ 1 МАГІЧНИЙ РЕАЛІЗМ ЯК ХУДОЖНЯ СИСТЕМА<br/>1.1 Проблема стилю у XX ст.<br/>1.2 Нарис історії стилю магічного реалізму.<br/>1.3 Естетичні принципи та засоби: гротеск, пародія, іронія, часо-просторові зсуви.<br/>1.4 Магічний реалізм і постмодерна теорія (автор читач).<br/>РОЗДІЛ 2 АМЕРИКАНСЬКА ТА УКРАЇНСЬКА МОДЕЛІ МАГІЧНОГО РЕАЛІЗМУ<br/>2.1 Своєрідність осмислення проблем спілкування персонажів (засоби магічної сугестії).<br/>2.2 Образи емансипованих жінок у суспільстві (магічний хронотоп).<br/>2.3 "Бразилія" Дж. Апдайка: трансгресія, літературні міфи та інтертекстуальність.<br/>2.4 "Дім на горі" В. Шевчука: містицизм і національна ідентичність в тоталітарній культурі.<br/>РОЗДІЛ 3 СТИЛЬОВІ ЗАСОБИ ЗОБРАДЕННЯ МАГІЧНОГО<br/>3.1 Маскультурні та фольклорні засоби: кітч Дж. Апдайка, автентичність В. Шевчука.<br/>3.2 Порівняння психологічних типів демонічних персонажів.<br/>3.3 Наратив "Бразилія".<br/>3.4 Композиція "Дому на горі".<br/>ВИСНОВКИ |
| -- | магічний реалізм, Дж.Апдайк, В.Шевчук |
| 650 ## - SUBJECT ADDED ENTRY--TOPICAL TERM | |
| Topical term or geographic name as entry element | Research Papers |
| 942 ## - ADDED ENTRY ELEMENTS (KOHA) | |
| Koha item type | Книги |
| Withdrawn status | Lost status | Source of classification or shelving scheme | Damaged status | Not for loan | Home library | Current library | Date acquired | Source of acquisition | Cost, normal purchase price | Total Checkouts | Full call number | Barcode | Date last seen | Price effective from | Koha item type |
|---|---|---|---|---|---|---|---|---|---|---|---|---|---|---|---|
| Universal Decimal Classification | ВІЛ - Відділ іноземн. літератури НБ | ВІЛ - Відділ іноземн. літератури НБ | 16/04/2009 | Акт №1 | 1.00 | 09 | 213954 | 15/12/2021 | 16/04/2009 | Книги |